00728nam a2200181 a 450000100100000000500170001000800410002704000250006808200170009310000260011024501540013626000900029030000210038050400730040165000110047465000240048570000370050900002334720250314135209.0101202s1967 es 000 0 spa d aDO-SdBNPbspacBNPHU a320.1bS619p1 aSiri, Carlos Alberto.13aLa preeminencia de la civitas y la insuficiencia de la polis :buna síntesis ontológica /cCarlos Alberto Siri ; prólogo Reynaldo Galindo Pohl. aEl Salvador :bMinisterio de Educación. Dirección General de Publicacioes,c1967. a212 p. ;c21 cm. aIncluye referncias bibliográficas y notas al pie de las páginas. 0aEstado 0aCiencia política 1 aGalindo Pohl, Reynaldo,epról.